Countries With Swapped Ends Quiz Stats

 Plays Quiz not verified by Sporcle

Support Sporcle.
Go Orange.
Score 0/18 Timer 05:00
0 Plays Today
Forms Country Pair % Correct
A ↔ NNamibia, Nicaragua, Nigeria, North Korea
96.1%
N ↔ YYemen
95.9%
L ↔ SLaos
90%
N ↔ SSouth Sudan, Spain, Sudan, Sweden
87.9%
D ↔ IIceland, Ireland
86.6%
A ↔ NAfghanistan, Azerbaijan
86%
D ↔ IDjibouti
83.8%
N ↔ UNauru
83.6%
C ↔ DChad
82.6%
Forms Country Pair % Correct
L ↔ NLebanon, Liechtenstein
81.2%
N ↔ UUzbekistan
78.7%
N ↔ YNorway
75.9%
L ↔ NNepal
75.8%
C ↔ DDominican Republic
74.4%
L ↔ SSenegal
69.7%
E ↔ TEgypt
68.9%
N ↔ SNetherlands
59.4%
E ↔ TTimor-Leste
53.7%

You're not logged in!

Compare scores with friends on all Sporcle quizzes.
OR
Log In

From the Vault

Name Dropping

by sproutcm

We think you will like this quiz so much, you'll wind up on a first name basis with it.
Remove Ads.
Support Sporcle.
Get the best of Sporcle when you Go Orange. This ad-free experience offers more features, more stats, and more fun while also helping to support Sporcle. Thank you for becoming a member.

Show Comments

Extras

Top Quizzes Today


Score Distribution

Your Account Isn't Verified!

In order to create a playlist on Sporcle, you need to verify the email address you used during registration. Go to your Sporcle Settings to finish the process.

Report this User

Report this user for behavior that violates our Community Guidelines.

Details: